| 000 | 00496aam a2200205 4500 | ||
|---|---|---|---|
| 005 | 20250521121455.0 | ||
| 008 | 150720b xxu||||| |||| 00| 0 spa d | ||
| 020 | _a9788415089087 | ||
| 041 | _aESP | ||
| 082 | _a823.89 S847i | ||
| 100 |
_aStevenson, Robert Louis _97186 |
||
| 245 | _aLa isla del tesoro | ||
| 260 | _aEspaña | ||
| 260 | _bPlutón Ediciones | ||
| 260 | _c2010 | ||
| 300 | _a190 páginas | ||
| 650 | _aLITERATURA INGLESA | ||
| 650 | _aNOVELA INGLESA | ||
| 942 |
_cLIT _2ddc |
||
| 999 |
_c1931 _d1931 |
||